000
00322nam a2200133Ia 4500
008
190216s9999||||xx |||||||||||||| ||und||
100
_a
Kunhan Nair. P.G And Sreedharan K.S
245
0
_a
Physics Pre Degree
250
_a
1st Ed.
260
_b
National Publications
300
_a
604 p
650
_a
Physics
942
_c
BK
999
_c
32814
_d
32814